| 000 | 00370pab a2200145 454500 | ||
|---|---|---|---|
| 008 | 180718b2006 xxu||||| |||| 00| 0 eng d | ||
| 100 | _aLang, Graeme | ||
| 245 | _aChina's impact on forests in Southeast Asia | ||
| 260 | _c2006 | ||
| 300 | _ap.167-94. | ||
| 650 | _aForests | ||
| 700 | _aChan, Cathy Hiu wan | ||
| 773 | _aJournal of Contemporary Asia | ||
| 909 | _a70731 | ||
| 999 |
_c70731 _d70731 |
||